Dopasuj aktorkę do filmu - Statystyki

Ogólne statystyki
  • Ten quiz został rozwiązany 107 razy
  • Średni wynik to 8 z 10
Statystyki odpowiedzi
Zagadnienie Odpowiedź % Poprawnych
Molly Jensen (Uwierz w ducha) Demi Moore
100%
Miranda Priestly(Diabeł ubiera się u prady) Meryl Streep
94%
Matylda (Leon Zawodowiec) Natalie Portman
88%
Czarna Wdowa (Avangers) Scarlett Johansson
88%
Catherine Tramell (Nagi Instynkt) Sharon Stone
88%
Claudia (Wywiad z wampirem) Kirsten Dunst
76%
Lisa Rowe(Przerwana lekcja muzyki) Angelina Jolie
65%
Sharon Pouge(Oczy anioła) Jennifer Lopez
65%
Grace (Terminator:Mroczne przeznaczenie) Mackenzie Davis
47%
Susie Salmon(Nostalgia Anioła) Saoirse Ronan
41%
Nie znaleziono quizów pasujących do podanych kryteriów
Rozkład punktacji
Procent ludzi z każdym wynikiem
Percentyl według liczby udzielonych odpowiedzi
Twoja historia wyników
Nie rozwiązałeś tego quizu